The child and the law /

Bibliographic Details
Main Author: Gottesman, Roberta
Format: Book
Language:English
Published: St. Paul, Minn. : West Pub. Co., 1981.
Subjects:

MARC

Tag First Indicator Second Indicator Subfields
LEADER 00000pam a2200000 a 4500
001 in00000085773
005 20151008053301.0
008 810401s1981 mnu b 00110 eng
010 |a  81003402  
020 |z 0314588037 
035 |a (OCoLC)07459982 
035 |9 AAH6921AM 
039 0 |a 2  |b 3  |c 3  |d 3  |e 3 
040 |a DLC  |c DLC  |d TXA  |d UtOrBLW 
043 |a n-us--- 
049 |a TXAM  |c [1387714] 
050 0 0 |a KF479  |b  G67 
082 0 |a 345.73/08  |a 347.3058  |2 19 
100 1 |a Gottesman, Roberta. 
245 1 4 |a The child and the law /  |c by Roberta Gottesman. 
264 1 |a St. Paul, Minn. :  |b West Pub. Co.,  |c 1981. 
300 |a xvi, 223 pages ;  |c 25 cm. 
336 |a text  |b txt  |2 rdacontent 
337 |a unmediated  |b n  |2 rdamedia 
338 |a volume  |b nc  |2 rdacarrier 
500 |a Includes index. 
504 |a Bibliography: pages 210-217. 
650 0 |a Children  |x Legal status, laws, etc.  |z United States. 
650 0 |a Juvenile justice, Administration of  |z United States. 
999 |a MARS 
999 f f |s 5eba4579-5b7e-3221-a930-1d84df6fb5d6  |i e445734e-ebb4-3c12-929f-0d52ac2d6fe4  |t 0 
952 f f |p ric  |a Texas A&M University  |b Rellis Campus  |c Joint Library Facility  |d Remote Storage  |t 0  |e KF479 G67  |h Library of Congress classification  |i unmediated -- volume  |m A14805948048 
998 f f |a KF479 G67  |t 0  |l Remote Storage